000 00198nam a2200085Ia 4500
008 120527s9999 xx 000 0 und d
100 _aWdae & Tavris
245 _aInvitation to Psychology
942 _cBK
999 _c27530
_d27530